[Event "Iberoamerican-ch 9th"]
[Site "Panama City"]
[Date "2023.11.27"]
[Round "4"]
[White "Barcia Dominguez, Andrea Alejandra"]
[Black "Quiroz Palacios, Michael Adelso"]
[Result "0-1"]
[WhiteElo "1237"]
[BlackElo "1836"]
[PlyCount "50"]
[EventDate "2023.11.25"]
[EventType "swiss"]
[EventRounds "9"]
[EventCountry "PAN"]
[SourceTitle "CB49_2023"]
[SourceDate "2023.12.06"]
[SourceVersion "1"]
[SourceVersionDate "2023.12.06"]
[SourceQuality "1"]

1. d4 Nf6 2. Nf3 d5 3. c4 c6 4. Nc3 a6 5. cxd5 cxd5 6. Bg5 e6 7. e3 Nc6 8. Bd3 Be7 9. 0-0 0-0 10. a3 h6 11. Bh4 b5 12. Rc1 Bb7 13. b4 Rc8 14. Nd2 e5 15. Ne2 e4 16. Bb1 a5 17. Bxf6 Bxf6 18. bxa5 Qxa5 19. Qb3 Qxd2 20. Nc3 Nxd4 21. exd4 Bxd4 22. Na2 Rxc1 23. Nxc1 Rc8 24. Na2 Ba6 25. Nb4 Qxf2+ 0-1

[Event "Panama op 4th"]
[Site "Panama City"]
[Date "2023.11.10"]
[Round "8"]
[White "Mendez Machado, Fatima"]
[Black "Barcia Dominguez, Andrea Alejandra"]
[Result "1-0"]
[WhiteElo "1138"]
[BlackElo "1237"]
[PlyCount "109"]
[EventDate "2023.11.06"]
[EventType "swiss"]
[EventRounds "9"]
[EventCountry "PAN"]
[SourceTitle "CB46_2023"]
[SourceDate "2023.11.15"]
[SourceVersion "1"]
[SourceVersionDate "2023.11.15"]
[SourceQuality "1"]

1. e4 e5 2. Nf3 Nc6 3. Bc4 Bc5 4. c3 Nf6 5. d4 exd4 6. cxd4 Bb6 7. d5 Ne7 8. e5 Ne4 9. 0-0 d6 10. e6 fxe6 11. dxe6 d5 12. Bd3 Bxe6 13. Ng5 Bf5 14. Qa4+ c6 15. Nxe4 Bxe4 16. Bxe4 dxe4 17. Qxe4 0-0 18. Bg5 Rf7 19. Re1 Bxf2+ 20. Kh1 Bxe1 21. Qxe1 Qd3 22. Nc3 Raf8 23. Qe6 Kh8 24. h3 Qg3 25. Be3 Rf1+ 26. Rxf1 Rxf1+ 27. Bg1 Qf2 28. Ne2 Qf6 29. Qd7 h6 30. Ng3 Qf2 31. Nxf1 Qxf1 32. Qxe7 Qa6 33. Qa3 Qxa3 34. bxa3 b6 35. Bd4 Kg8 36. g4 c5 37. Be5 c4 38. Kg2 a6 39. a4 g6 40. Kf2 Kf7 41. Bd4 b5 42. axb5 axb5 43. Bc3 Ke6 44. Ke3 Kd5 45. a3 Kc5 46. Ke4 Kd6 47. Bb4+ Ke6 48. Bc3 h5 49. Kd4 Kd6 50. Bb4+ Ke6 51. Kc5 Kd7 52. Kxb5 Kc7 53. Kxc4 Kc6 54. Kd4 Kd7 55. Ke5 1-0

[Event "Pan American-ch School U15 Girls 12th"]
[Site "Callao"]
[Date "2023.10.21"]
[Round "9"]
[White "Barcia Dominguez, Andrea Alejandra"]
[Black "Ortiz Noguera, Samantha"]
[Result "1-0"]
[WhiteElo "1314"]
[BlackElo "1238"]
[PlyCount "50"]
[EventDate "2023.10.16"]
[EventType "swiss"]
[EventRounds "9"]
[EventCountry "PER"]
[SourceTitle "Mega2024 Update 01"]
[Source "Chessbase"]
[SourceDate "2023.11.12"]
[SourceVersion "1"]
[SourceVersionDate "2023.11.12"]
[SourceQuality "1"]

1. e4 c5 2. Nc3 Nc6 3. Nge2 g6 4. g3 Bg7 5. Bg2 Nf6 6. d3 d6 7. Be3 e5 8. Qd2 Ng4 9. f4 Nxe3 10. Qxe3 Nd4 11. Rc1 0-0 12. 0-0 exf4 13. Nxf4 Nxc2 14. Qd2 Bd4+ 15. Kh1 Ne3 16. Rf3 Nxg2 17. Qxg2 a6 18. Nfd5 Be6 19. Rcf1 Bxc3 20. Nxc3 Qd7 21. a3 Bh3 22. Qe2 Bxf1 23. Rxf1 f5 24. Nd5 Rae8 25. Qg2 Qd8 1-0